NBA Top 3 MVP Voting - Statistics

General Stats
  • This quiz has been taken 1,652 times
    465 since last reset
  • The average score is 31 of 41
Answer Stats
Answer % Correct
Nikola Jokić
100%
LeBron James
99%
S. Gilgeous-Alexander
99%
Kevin Durant
98%
Stephen Curry
98%
Giannis Antetokounmpo
97%
James Harden
97%
Kobe Bryant
97%
Michael Jordan
97%
Russell Westbrook
97%
Joel Embiid
95%
Shaquille O'Neal
94%
Steve Nash
90%
Tim Duncan
90%
Magic Johnson
89%
Derrick Rose
88%
Dirk Nowitzki
88%
Luka Dončić
88%
Hakeem Olajuwon
87%
Allen Iverson
84%
Kevin Garnett
83%
Larry Bird
83%
Karl Malone
82%
Charles Barkley
80%
David Robinson
79%
Dwyane Wade
77%
Kawhi Leonard
75%
Scottie Pippen
71%
Paul George
68%
Chris Paul
66%
Anthony Davis
58%
Carmelo Anthony
58%
Jermaine O'Neal
58%
Clyde Drexler
54%
Jason Kidd
54%
Dwight Howard
53%
Blake Griffin
40%
Gary Payton
38%
Alonzo Mourning
32%
Penny Hardaway
30%
Grant Hill
26%
No matching quizzes found
Score Distribution
Percent of People with Each Score
Percentile by Number Answered
Your Score History
You have not taken this quiz since the last reset